000 01258nmm a2200325 a 4500
001 ocm000709010
003 TR-IsHL
005 20201028142857.0
008 140118s2009 tu tur
007 cr cn
020 _a9789758683796
035 _a709010
_b(N$T)
050 0 4 _aHX376.7.A6
_bZ45 2009
090 0 4 _aHX376.7.A6
_bZ45 2009
245 1 0 _aZeki Baştımar: yaşam öyküsü, mektuplar, yazılar
_h[electronic resource] /
_cderleyen Erden Akbulut
260 _aİstanbul :
_bTÜSTAV,
_c2009
300 _a192 p.
650 4 _aPolitika ve Uluslararası İlişkiler
650 4 _aPolitics and International Relations
650 0 _aBaştımar, Zeki, 1905-1974.
650 0 _aTürkiye Komünist Partisi
_xTarih
650 0 _aTürkiye Komünist Partisi
_x History
650 0 _aKomünistler
_x Türkiye
_x Biyografi
650 0 _aCommunists
_x Turkey
_x Biography
650 0 _aTürkiye
_x Politika ve yönetim
_x 20. yüzyıl
650 0 _aTurkey
_x Politics and government
_x 20th century
650 7 _aPOLITICAL SCIENCE / Political Ideologies / Communism, Post-Communism & Socialism
_2bisacsh
700 1 _aAkbulut, Erden
856 4 0 _uhttp://search.ebscohost.com/login.aspx?direct=true&scope=site&db=e011xww&AN=709010
999 _c8596
_d8596